| 000 | 00763nam a22002177a 4500 | ||
|---|---|---|---|
| 005 | 20251108172751.0 | ||
| 008 | 250721s1995 xx 000 0 ara d | ||
| 082 | 1 | 4 | _aم/722.0956511/إلي |
| 100 | 1 |
_aإلياس، نبيل هاني إبراهيم _eمؤلف |
|
| 245 | 1 | 0 | _aدراسة معمارية حضرية لأماكن تاريخية مختارة في وسط عمان (الحفاظ الحضري) / |
| 264 | 1 |
_aعمان : _c1995. |
|
| 300 | _a450ص. | ||
| 500 | _a/رسائل الماجستير | ||
| 650 | 1 | 7 | _aالهندسة المعمارية |
| 650 | 1 | 7 | _aالمواقع الأثرية |
| 650 | 1 | 7 | _aعلم الأثار |
| 650 | 1 | 7 | _aالعمارة القديمة |
| 650 | 1 | 7 | _aتاريخ الأردن |
| 942 |
_2ddc _cREF |
||
| 999 |
_c87986 _d87986 |
||